Analýza faktorov ovplyvňujúcich finančnú štruktúru podnikov diplomová práca

Gespeichert in:
Bibliographische Detailangaben
1. Verfasser: Machavová, Michaela
Körperschaft: Fakulta podnikového manažmentu EU. Katedra podnikových financií
Weitere Verfasser: Kalusová, Lenka, 1987-
Format: Buch
Sprache:Slowakisch
Veröffentlicht: Bratislava 2017
Tags: Tag hinzufügen
Keine Tags, Fügen Sie das erste Tag hinzu!

MARC

LEADER 00000nbm a2200000 4500
001 0232232
005 20171018102400.1
041 0 |a slo 
044 |a SK 
245 1 0 |a Analýza faktorov ovplyvňujúcich finančnú štruktúru podnikov  |b diplomová práca  |c Michaela Machavová ; školiteľ: Lenka Kalusová 
264 1 |a Bratislava  |c 2017 
300 |a 75 s. 
100 1 |a Machavová, Michaela 
700 1 |a Kalusová, Lenka, 1987- 
710 2 |a Fakulta podnikového manažmentu EU. Katedra podnikových financií